000 00419nam a2200181Ia 4500
001 965
005 20260306140557.0
008 260306t2012||||xx |||||||||||||| ||spa||
041 _aESP
082 _a174.4
_bS747
100 _aSison, Alejo José G.
_eAUT
245 0 _aLiderazgo y capital moral
260 _c2012
300 _a309 páginas :
_c21 cm.
650 _aGEN
654 _aCHU
942 _cLIB
_dJUS
_fJUS
_2ddc
_n
999 _c965
_d965